Statistics for Countries Closest to an Unknown Country A-Z #6

Click here to take the quiz!

General Stats

  • This quiz has been taken 11,261 times
    (10,970 since last reset)
  • The average score is 21 of 25

Answer Stats

Country% Correct
YYemen
96%
OOman
95%
QQatar
95%
ZZambia
95%
AArgentina
93%
UUruguay
93%
VVenezuela
93%
BBolivia
92%
CColombia
91%
HHonduras
90%
PPeru
90%
EEcuador
89%
JJamaica
89%
GGuyana
88%
SSuriname
86%
FFrance
85%
{CHILE}
84%
DDominica
84%
NNicaragua
83%
MMexico
81%
TTrinidad & Tobago
81%
KKiribati
73%
IIreland
59%
LLiberia
56%
RR. Congo
33%

Score Distribution

Percentile by Number Answered

Percent of People with Each Score

Your Score History

You have not taken this quiz since the last reset